| 000 | 00986nam a2200229Ii 4500 | ||
|---|---|---|---|
| 003 | JO-AjNU | ||
| 008 | 230605s9999||||xx |||||||||||||| ||und|| | ||
| 017 | _a2005/8/1877 | ||
| 020 | _a9960-49-310-5/ 9957-18-088-6 | ||
| 040 |
_aJO-AjNU _bara _erda _cJO-AjNU |
||
| 041 | _aara | ||
| 050 | 1 | 4 | _aHD12.D3422.2006 |
| 100 | 3 |
_a الدخيل، عبد العزيز عبد الله , _eauthor _921886 |
|
| 245 | 0 | 0 | _aمعجم مصطلحات الخدمة الاجتماعية والعلوم الاجتماعية : انجليزي -عربي |
| 250 | _aط1 | ||
| 264 | 3 | 1 | _aعمان: دار المناهج للنشر والتوزيع، 2006 |
| 300 |
_a276ص _bيحتوي على مسرد بالمصطلحات من ص 256-276ص |
||
| 336 |
_atext _btxt _2rdacontent |
||
| 337 |
_aunmediated _bn _2rdamedia |
||
| 338 |
_avolume _bnc _2rdacarrier |
||
| 650 | 4 |
_aالخدمة الاجتماعية -- معجم مصطلحات -- العلوم الاجتماعية -- معجم مصطلحات _921887 |
|
| 999 |
_aA7679 _c11247 _d11247 |
||